Devinez le Pays mystère - N°5 - Statistiques

Statistiques générales
  • Ce quiz a été pris 301 fois
    299 depuis la dernière actualisation
  • Le résultat moyen est 4 sur 8
Statistiques - réponses
Type de quiz Réponse % Correct
Lettre N
78%
Lettre A
70%
Lettre V
52%
Lettre U
50%
Lettre A
48%
Lettre T
45%
Lettre U
45%
Réponse Vanuatu
45%
Aucun quiz correspondant
Distribution des résultats
% des personnes avec chaque résultat
Percentile par nombre de réponses
Votre historique - résultats
Vous n’avez pas pris ce quiz depuis la dernière actualisation